000 00281nam a22001097a 4500
008 230704b xxu||||| |||| 00| 0 eng d
082 _a362.1
_bFAC 2002
245 _aFacts for Life
260 _aNew York
_bUnited Nations Chidren's Fund
_c2002
300 _aXVII,153p
942 _2ddc
_cBK
999 _c3751
_d3751